000 01407nab a22002657a 4500
999 _c6000
_d6000
003 OSt
005 20260115221539.0
008 190605e xxu||||| |||| 00| 0 spa d
040 _cPJ
100 _95129
_aSfeir, Santiago L.
245 1 0 _a Aspectos laborales del contrato de franquicia y la tergiversación de la responsabilidad solidaria derivada del art. 30 LCT /
_cSantiago L. Sfeir.
260 _aCiudad Autónoma de Buenos Aires :
_bThomson Reuters La Ley,
_c2025.
300 _ap. 98-102
500 _aCita Online: Cita: TR LALEY AR/DOC/368/2025.
505 _aSumario: I. Antecedentes fácticos del caso.— II. El contrato de franquicia y las relaciones laborales.— III. La figura del art. 30 LCT y su aplicación al caso de la franquicia.— IV. Palabras finales.
505 _aFallo comentado: CNTrab., sala VIII ~ 15/11/2024 ~ Martínez, Nahir c. Café Seis Hermanos S.A. y otros s/ despido.
505 _t¿Te interesa el texto completo? Solicitalo al correo: koha@justierradelfuego.gov.ar
650 0 _91316
_aDERECHO LABORAL
650 0 _91861
_aCONTRATO DE FRANQUICIA
650 0 _91803
_aRELACIONES LABORALES
650 0 _91383
_aLEY DE CONTRATO DE TRABAJO
650 0 _94951
_aRESPONSABILIDAD SOLIDARIA
773 0 _02711
_93168
_dCiudad Autónoma de Buenos Aires : Thomson Reuters La Ley, 1999-2002.
_tRevista de derecho del trabajo. Nº 2 - Marzo 2025
942 _2udc
_cANA